书目信息 |
| 题名: |
业主委托的工程项目管理
|
|
| 作者: | 许元龙 , 徐帆 主编 | |
| 分册: | ||
| 出版信息: | 北京 中国建筑工业出版社 2005.3 |
|
| 页数: | 624页 | |
| 开本: | 26cm | |
| 丛书名: | ||
| 单 册: | ||
| 中图分类: | F284 | |
| 科图分类: | ||
| 主题词: | 基本建设项目--ji ben jian she xiang mu--项目管理 , 基本建设项目--ji ben jian she xiang mu , 项目管理--xiang mu guan li | |
| 电子资源: | ||
| ISBN: | 7-112-06997-1 | |
| 000 | 01154nam0 2200325 450 | |
| 000 | 01174nam0 2200325 450 | |
| 000 | 01137nam0 2200313 450 | |
| 000 | 01120nam0 2200313 450 | |
| 000 | 01083nam0 2200301 45 | |
| 001 | 012005000000 | |
| 005 | 20050509101010.0 | |
| 010 | @a7-112-06997-1@d60.00CNY | |
| 100 | @a20050509d2005 em y0chiy0121 ea | |
| 101 | 0 | @achi |
| 102 | @aCN@b110000 | |
| 105 | @ak z 000yy | |
| 200 | 1 | @a业主委托的工程项目管理@Aye zhu wei tuo de gong cheng xiang mu guan li@f许元龙,徐帆主编 |
| 210 | @a北京@c中国建筑工业出版社@d2005.3 | |
| 215 | @a624页@d26cm | |
| 320 | @a有书目 | |
| 330 | @a本书全面阐述业主委托的项目管理公司对建设工程从项目决策起至项目竣工、保修、后评估全过程的项目管理。着重在项目实践程序和关键要点。 | |
| 333 | @a阅读对象:建设、设计、项目管理、监理、施工等单位工作人员 | |
| 606 | 0 | @a基本建设项目@Aji ben jian she xiang mu@x项目管理 |
| 606 | 0 | @a基本建设项目@Aji ben jian she xiang mu |
| 606 | 0 | @a项目管理@Axiang mu guan li |
| 690 | @aF284@v4 | |
| 701 | 0 | @a许元龙@Axu yuan long@4主编 |
| 701 | 0 | @a徐帆@Axu fan@4主编 |
| 801 | 0 | @aCN@bSRXX@c20050509 |
| 905 | @a10447@dF284@eX910 | |
| 业主委托的工程项目管理/许元龙,徐帆主编.-北京:中国建筑工业出版社,2005.3 |
| 624页;26cm |
| 使用对象:阅读对象:建设、设计、项目管理、监理、施工等单位工作人员 |
| ISBN 7-112-06997-1:60.00CNY |
| 本书全面阐述业主委托的项目管理公司对建设工程从项目决策起至项目竣工、保修、后评估全过程的项目管理。着重在项目实践程序和关键要点。 |
| ● |
| 相关链接 |
|
|
|
正题名:业主委托的工程项目管理
索取号:F284/X910
 
预约/预借
| 序号 | 登录号 | 条形码 | 馆藏地/架位号 | 状态 | 备注 |
| 1 | 540202 | 205402027 | 社科库409/409社科库 103排1列6层/ [索取号:F284/X910] | 在馆 | |
| 2 | 540203 | 205402036 | 社科库409/409社科库 103排1列6层/ [索取号:F284/X910] | 在馆 |